| 000 | 00000nam##2200000za#4500 |
| 001 | 9.580324 |
| 003 | CaOODSP |
| 005 | 20210624191002 |
| 007 | cr ||||||||||| |
| 008 | 150406|1980||||xxc|||||o f|0| 0 eng|d |
| 040 | |aCaOODSP|beng |
| 043 | |an-cn--- |
| 086 | 1 |aFs97-13/187E-PDF |
| 110 | 1 |aCanada. |bDepartment of Fisheries and Oceans. |
| 245 | 10|aMidwater and bottom trawl tows and catches made on M/V Arctic Harvester Cruise, A1179-1, January 22-February 9, 1979 in Dixon Entrance / |h[electronic resource]|cby L.W. Barner. |
| 260 | |aNanaimo - British Columbia : |bFisheries and Oceans Canada |c1980. |
| 300 | |a154p.|bfigs., tables |
| 490 | 1 |aCanadian data report of fisheries and aquatic sciences|vNo. 187 |
| 500 | |aFile reproduced from original print. On t. p. : Resource Services Branch, Pacific Biological Station, Nanaimo, British Columbia. The catalogue number and ISSN for the print edition appear in the PDF version. |
| 546 | |a(Résumé en français) |
| 590 | |a14-14-Supp|b2014-07-24 |
| 720 | 1 |aBarner, L. W. |
| 830 | #0|aCanadian data report of fisheries and aquatic sciences ;|vNo. 187|w(CaOODSP)9.505124 |
| 856 | 40|ahttp://publications.gc.ca|qPDF|s1842 KB|uhttps://publications.gc.ca/collections/collection_2014/mpo-dfo/Fs97-13-187-eng.pdf|yNo. 187 |